000
00225nam a2200097Ia 4500
008
190216s9999||||xx |||||||||||||| ||und||
100
_a
Vayalar Ramavarma
245
0
_a
Malayalam-Mulankad
260
_b
Nbs Kottayam
942
_c
BK
999
_c
30297
_d
30297